Juglares y espectáculo : poesía medieval de debate /

Guardado en:
Detalles Bibliográficos
Autor principal: Simó, Lourdes (ed. y tr.)
Otros autores: Moga, Eduardo (traducción) (traducción), Gaspar, Sergio (traducción) (traducción)
Formato: Libro
Idioma:Español
Publicado: Barcelona, España : DVD Ediciones, 1999, c1999
Colección:(Los Cinco Elementos ; 4)
Temas:
Etiquetas: Agrega una etiqueta
Sin etiquetas, Sé el primero en etiquetar este registro!

MARC

LEADER 00000nam^a2200000^a^4500
001 000177196
005 20250521000000.0
009 20260310101704.918
020 |a 84-95007-08-8 
037 |a Acervo ITESO - Biblioteca 
041 |a ESP 
082 |a 808. 814  |b SIM 
100 |a Simó, Lourdes  |e (ed. y tr.) 
245 1 0 |a Juglares y espectáculo :  |b poesía medieval de debate /  |c Ed. de L. Simó ; tr. por L. Simó, E. Moga, S. Gaspar. 
264 4 |a Barcelona, España :  |b DVD Ediciones,  |c 1999, c1999 
300 |a 197 p. 
336 |a texto  |b txt  |2 rdacontenido 
337 |a sin mediación  |b n  |2 rdamedio 
338 |a volumen  |b nc  |2 rdasoporte 
440 4 |a (Los Cinco Elementos ;  |v 4) 
649 |a XX 
650 |a Poesía Medieval 
650 |a Literatura Medieval 
700 |a Moga, Eduardo  |e (traducción) 
700 |a Gaspar, Sergio  |e (traducción) 
910 |a Fondo General 
920 |a Impresos - Libros 
930 |a Colección General 
940 |a Literatura 
905 |a 101 
901 |a 0500115427  |b IT1  |c LIT  |u 20250521 
902 |a https://opac.biblio.iteso.mx/vufind/Record/000177196